2020s World Leaders by Picture #2 - Statistics

General Stats
  • This quiz has been taken 27 times
  • The average score is 10 of 20
Answer Stats
Picture Answer % Correct
Kim Jong Un
92%
Elizabeth II
83%
Angela Merkel
79%
Benjamin Netanyahu
75%
Rishi Sunak
75%
Recep Tayyip Erdoğan
71%
Javier Milei
63%
Bashar al-Assad
58%
Nicolás Maduro
58%
Ursula von der Leyen
50%
Mohammed bin Salman
46%
Ali Khamenei
42%
Viktor Orbán
42%
Alexander Lukashenko
38%
Donald Tusk
33%
Cyril Ramaphosa
29%
Mark Carney
29%
Pedro Sánchez
29%
Mark Rutte
25%
Yoon Suk Yeol
21%
No matching quizzes found
Score Distribution
Percent of People with Each Score
Percentile by Number Answered
Your Score History
You have not taken this quiz